Normal view
MARC view
Entry Topical Term
001 - CONTROL NUMBER
- control field: 720522
003 - CONTROL NUMBER IDENTIFIER
- control field:
005 - DATE AND TIME OF LATEST TRANSACTION
- control field: 20210627043600.0
008 - FIXED-LENGTH DATA ELEMENTS
- fixed length control field: 210627|| aca||aabn | a|a d
040 ## - CATALOGING SOURCE
- Original cataloging agency:
- Transcribing agency:
150 ## - HEADING--TOPICAL TERM
- Topical term or geographic name entry element: Automobiles
- General subdivision: Registration and transfer
- Geographic subdivision: Sri Lanka
670 ## - SOURCE DATA FOUND
- Source citation: Work cat.: ()592627: Turner, L. J. B. 720521, Administration report of the registrar general on the statistics for, 1930 /, 1931
